000 00370nam a2200145 i 4500
001 94939
003 ES-MaACL
005 20230906181606.0
007 t|
008 050518q2002 sp ||||1| spa d
245 0 9 _aPara qué lucha el productor européo?.
260 _a[s.l. :
_bs.n.],
_c1945?
300 _a20 lám. ;
_c20 cm.
852 _aES-MaACL
_j1672-F-23
_bR.21140
999 _c94939
_d94939